000 00335nam a22001457a 4500
008 230926b ||||| |||| 00| 0 eng d
020 _a9780029298657
041 _aeng
080 _a618
082 _a618SOL
100 _a13
101 _aGINEKO
245 _aTHE ABORTIONIST A WOMEN AGAINST THE LAW
_cSOLINGER.R
942 _2udc
_cBK
999 _c60395
_d60395